Studies in African politics

Saved in:
Bibliographic Details
Main Author: Harris, Peter Bernard, 1929-
Format: Book
Language:English
Published: London : Hutchinson University Press, 1970.
Subjects:
Tags: Add Tag
No Tags, Be the first to tag this record!

MARC

LEADER 00000cam a2200000 a 4500
001 1/113800
008 170508s1970####enk| ||| |||| ||eng||
020 |a 0091016800  
040 |a GR-MyUa  |b gre  |c GR-MyUa  |e AACR2 
041 0 |a eng 
082 7 |a 320.96   |2 (23) 
100 1 |a Harris, Peter Bernard,   |d 1929- 
245 1 0 |a Studies in African politics /   |c P. B. Harris.  
260 |a London :   |b Hutchinson University Press,   |c 1970.  
300 |a 181 σ. ;   |c 22 εκ.  
504 |a Βιβλιογραφία: σ. [173]-178.  
651 0 |a Africa  |x Politics and government  |y 1960- 
852 |a INST  |b LESVOS  |e 20170508  |h 320.96 HAR  |p 005100059129  |q 005100059129  |t BK  |y 0 
970 |a Τζαφέρη  |b Ευαγγελία  |z 08-05-2017